LEADER 02094cas a2200445 a 4500
001 c000282354
003 CARM
005 20080520121415.0
008 950313d19932004it ar p 0 a0eng d
010 |a sn 96031657 
019 1 |a 11466497  |5 LACONCORD2021 
035 |a (OCoLC)30796006  |5 LACONCORD2021 
040 |a LC  |b eng  |c LC  |d LC  |d VCAV 
041 0 |a eng  |b ara  |b chi  |b fre  |b ger  |b spa 
042 |a lcd 
050 1 4 |a SB123.3  |b .I57a 
082 0 4 |a 631.53  |2 22 
110 2 |a International Plant Genetic Resources Institute. 
245 0 0 |a Annual report /  |c International Plant Genetic Resources Institute. 
246 3 3 |a IPGRI annual report 
260 |a Rome :  |b IPGRI Headquarters,  |c c1993-. 
300 |a 12 v. :  |b ill. ;  |c 27 cm. 
310 |a Annual 
362 0 |a 1993-2004. 
530 |a Reports for 1996- also available in portable document format from IPGRI's Web site. 
546 |a Summaries in Arabic, Chinese, French, German and Spanish. 
610 2 0 |a International Plant Genetic Resources Institute  |v Periodicals. 
650 0 |a Germplasm resources, Plant  |v Periodicals. 
780 0 0 |a International Board for Plant Genetic Resources.  |s Annual report (1987)  |t Annual report.  |d Rome : IBPGR Headquarters c1988-c1993.  |y AIBREG  |w (DLC)sn 91016257 
785 0 0 |a Bioversity International.  |s Annual report  |w (SUA)V1272442 
856 4 1 |z Online version  |u http://www.ipgri.cgiar.org/system/page.asp?frame=report/select.asp 
856 4 1 |z Online version  |u http://www.cgiar.org/ipgri/publicat 
856 4 1 |z Click on Annual report on navigation menu  |u http://www.bioversityinternational.org/Publications/index.asp 
852 8 |b CARM  |h A1:AQ21B0  |i C10791  |p 0464661  |f SE 
852 8 |b CARM  |h A1:AR03C0  |i F03922  |p 0394251  |f SE 
866 0 |a (1993)-(1998) 
866 0 |a (1993)-(1998) 
999 f f |i add9ab83-b96b-5a75-9b5f-feeec3f367d8  |s 1517613a-85b0-5743-ac37-3a469be065d8 
952 f f |p Can circulate  |a CAVAL  |b CAVAL  |c CAVAL  |d CARM 1 Store  |e F03922  |f A1:AR03C0  |h Other scheme  |i book  |k (1998)  |m 0394251 
952 f f |p Can circulate  |a CAVAL  |b CAVAL  |c CAVAL  |d CARM 1 Store  |e C10791  |f A1:AQ21B0  |h Other scheme  |i book  |k (1993)-(1997)  |m 0464661